Republic of the Congo City Quiz - Statistics

General Stats
  • This quiz has been taken 12 times
  • The average score is 2 of 5
Answer Stats
City % Correct
Brazzaville
100%
Pointe-Noire
50%
Dolisie
20%
Impfondo
20%
Nkayi
20%
No matching quizzes found
Score Distribution
Percent of People with Each Score
Percentile by Number Answered
Your Score History
You have not taken this quiz